Central Library OPAC University of Rajshahi

Capital investment appraisal / (Record no. 3625)

MARC details
000 -LEADER
fixed length control field 00844nam a2200301 4500
001 - CONTROL NUMBER
control field 3625
003 - CONTROL NUMBER IDENTIFIER
rucl marc code BD-RjUL
005 - DATE AND TIME OF LATEST TRANSACTION
control field 20211208233747.0
008 - FIXED-LENGTH DATA ELEMENTS--GENERAL INFORMATION
fixed length control field 131219s1973 enk 001 0 eng d
020 ## - INTERNATIONAL STANDARD BOOK NUMBER
International Standard Book Number 0070844267
035 ## - SYSTEM CONTROL NUMBER
System control number (BD-RjUL)3659
040 ## - CATALOGING SOURCE
Original cataloging agency DLC
Transcribing agency DLC
Modifying agency DLC
Language of cataloging eng
041 ## - LANGUAGE CODE
Language code of text/sound track or separate title eng
082 00 - DEWEY DECIMAL CLASSIFICATION NUMBER
Classification number 658.152
Author mark and year HAC
100 1# - MAIN ENTRY--PERSONAL NAME
Personal name Harrison, Ian W.
9 (RLIN) 11483
245 10 - TITLE STATEMENT
Title Capital investment appraisal /
Statement of responsibility, etc. Ian W. Harrison.
260 ## - PUBLICATION, DISTRIBUTION, ETC. (IMPRINT)
Place of publication, distribution, etc. London ;
-- New York :
Name of publisher, distributor, etc. McGraw-Hill,
Date of publication, distribution, etc. c1973.
300 ## - PHYSICAL DESCRIPTION
Pagination vii, 90 p. :
Size 26 cm.
350 ## - PRICE (NR) (BK AM CF MU VM SE) [OBSOLETE]
Price $10.00 (U.S.)
490 0# - SERIES STATEMENT
Series statement McGraw-Hill management manuals
504 ## - BIBLIOGRAPHY, ETC. NOTE
Bibliography, etc Bibliography: p. 88-89.
650 #0 - SUBJECT ADDED ENTRY--TOPICAL TERM
Topical term or geographic name as entry element Capital investments.
9 (RLIN) 11484
Topical term or geographic name as entry element Cash flow.
9 (RLIN) 11485
Topical term or geographic name as entry element Corporations
General subdivision Finance.
9 (RLIN) 11486
942 ## - ADDED ENTRY ELEMENTS (KOHA)
Source of classification or shelving scheme Dewey Decimal Classification
Koha item type Books
Holdings
Lost status Source of classification or shelving scheme Damaged status Not for loan Collection code Permanent Location Current Location Shelving location Date acquired Source of acquisition Cost, normal purchase price Total Checkouts Full call number Date last seen Copy number Koha item type
  Dewey Decimal Classification     Non-fiction Central Library, University of Rajshahi Central Library, University of Rajshahi   18/09/1984 Toppom Tafp 9.00   658.152 HAC 1973 19/12/2013 C-4 Books
  Dewey Decimal Classification     Non-fiction Central Library, University of Rajshahi Central Library, University of Rajshahi   24/05/1983 Heffers 3.95   658.152 HAC 1973 05/09/2016 C-2 Books
  Dewey Decimal Classification   Not For Loan Non-fiction Central Library, University of Rajshahi Central Library, University of Rajshahi Reading Room   Heffer     658.152 HAC 1973 19/12/2016 C-1 Books